LEADER 02334oam 2200697 450 001 9910709796403321 005 20180614155454.0 035 $a(CKB)5470000002472278 035 $a(OCoLC)762123501 035 $a(EXLCZ)995470000002472278 100 $a20111122j198504 ua 0 101 0 $aeng 135 $aurun||||a|a|| 181 $ctxt$2rdacontent 182 $cc$2rdamedia 183 $acr$2rdacarrier 200 10$aFlight-measured laminar boundary layer transition phenomena including stability theory analysis /$fClifford J. Obara and Bruce J. Holmes 210 1$aWashington, D.C. :$cNational Aeronautics and Space Administration, Scientific and Technical Information Branch,$dApril 1985. 215 $a1 online resource (37 pages) $cillustrations 225 1 $aNASA/TP ;$v2417 300 $a"April 1985." 300 $aPrepared at Langley Research Center. 320 $aIncludes bibliographical references (page 8). 606 $aBoundary layer transition$2nasat 606 $aAerodynamic coefficients$2nasat 606 $aLaminar flow$2nasat 606 $aTurbulent boundary layer$2nasat 606 $aFlight tests$2nasat 606 $aLaminar flow 606 $aBoundary layer 606 $aTransition flow 606 $aBoundary layer$2fast 606 $aLaminar flow$2fast 606 $aTransition flow$2fast 615 7$aBoundary layer transition. 615 7$aAerodynamic coefficients. 615 7$aLaminar flow. 615 7$aTurbulent boundary layer. 615 7$aFlight tests. 615 0$aLaminar flow. 615 0$aBoundary layer. 615 0$aTransition flow. 615 7$aBoundary layer. 615 7$aLaminar flow. 615 7$aTransition flow. 700 $aObara$b Clifford J.$01417736 702 $aHolmes$b Bruce J. 712 02$aUnited States.$bNational Aeronautics and Space Administration.$bScientific and Technical Information Branch, 712 02$aLangley Research Center. 801 0$bOCLCE 801 1$bOCLCE 801 2$bOCLCQ 801 2$bOCLCF 801 2$bOCLCQ 801 2$bOCLCO 801 2$bOCLCQ 801 2$bGPO 906 $aBOOK 912 $a9910709796403321 996 $aFlight-measured laminar boundary layer transition phenomena including stability theory analysis$93527138 997 $aUNINA LEADER 03177 am 2200721 n 450 001 9910324040803321 005 20230921173211.0 010 $a2-8028-0471-5 024 7 $a10.4000/books.pusl.1172 035 $a(CKB)4100000008283855 035 $a(FrMaCLE)OB-pusl-1172 035 $a(oapen)https://directory.doabooks.org/handle/20.500.12854/40400 035 $a(PPN)236708791 035 $a(EXLCZ)994100000008283855 100 $a20190528j|||||||| ||| 0 101 0 $afre 135 $auu||||||m|||| 181 $ctxt$2rdacontent 182 $cc$2rdamedia 183 $acr$2rdacarrier 200 10$aAffectivité, imaginaire, création sociale /$fRaphaël Gély, Laurent Van Eynde 210 1$aBruxelles :$cPresses de l?Université Saint-Louis,$d2018. 215 $a1 online resource (308 pages) 311 $a2-8028-0196-1 330 $aLes recherches rassemblées dans cet ouvrage collectif visent à déterminer la place de l'affectivité et celle de l'imaginaire dans l'accroissement de la capacité des individus à entrer dans un processus de création sociale. Il ne s'agit pas de faire une revue de la littérature consacrée à cette question, ni de développer une conception spécifique du rapport entre l'affectivité, l'imaginaire et la création sociale, mais bien de mettre en évidence une série de présupposés tant anthropologiques que normatifs autour desquels les conceptions de l'affectivité, de l'imaginaire et de la création sociale s'articulent. S'il y a un rapport de corrélation entre l'affectivité, l'imaginaire et la création sociale, toute conception de l'affectivité en appelle intrinsèquement à une certaine conception de l'imaginaire, cette articulation chaque fois spécifique entre affectivité et imaginaire en appelant à son tour à une certaine conception de la création sociale, et inversement. 606 $aPhilosophy 606 $aaffectivité 606 $aimagination 606 $acréation sociale 606 $aneutralisation 606 $areconnaissance 606 $aaltermondialisme 606 $aespace commun 610 $aespace commun 610 $aaffectivité 610 $aaltermondialisme 610 $aimagination 610 $aneutralisation 610 $areconnaissance 610 $acréation sociale 615 4$aPhilosophy 615 4$aaffectivité 615 4$aimagination 615 4$acréation sociale 615 4$aneutralisation 615 4$areconnaissance 615 4$aaltermondialisme 615 4$aespace commun 700 $aBreeur$b Roland$0280432 701 $aCorcuff$b Philippe$0754599 701 $aFrogneux$b Nathalie$0216798 701 $aGe?ly$b Raphae?l$f1966-$01258969 701 $aGiovannangeli$b Daniel$01246723 701 $aKlimis$b Sophie$01240787 701 $aLaoureux$b Sébastien$01307449 701 $aLoute$b Alain$f1979-$01331001 701 $aMazzù$b Antonino$0420972 701 $aEynde$b Laurent van$f1967-$01232526 801 0$bFR-FrMaCLE 906 $aBOOK 912 $a9910324040803321 996 $aAffectivité, imaginaire, création sociale$93559383 997 $aUNINA